[Event "Stay Safe Play From Home 152"]
[Site "T#646138Emanuel Laske"]
[Date "2020.05.17"]
[Round "4"]
[White "Castlingarrocco"]
[Black "MartinKestler"]
[Result "0-1"]
[WhiteElo "2032"]
[BlackElo "1929"]
[PlyCount "78"]
[EventDate "2020.05.17"]
[EventType "swiss (blitz)"]

1. Nc3 {[%emt 0:00:02]} e6 {[%emt 0:00:00]} 2. e4 {[%emt 0:00:01]} d5 {[%emt 0:00:00]} 3. Nf3 {[%emt 0:00:00]} dxe4 {[%emt 0:00:01]} 4. Nxe4 {[%emt 0:00:00]} Nd7 {[%emt 0:00:01]} 5. Ng3 {[%emt 0:00:01]} Be7 {[%emt 0:00:00]} 6. d4 {[%emt 0:00:00]} Ngf6 {[%emt 0:00:00]} 7. c3 {[%emt 0:00:01]} O-O {[%emt 0:00:00]} 8. Bd3 {[%emt 0:00:01]} b6 {[%emt 0:00:00]} 9. Qe2 {[%emt 0:00:00]} Bb7 {[%emt 0:00:00]} 10. Ne4 {[%emt 0:00:01]} Nxe4 {[%emt 0:00:02]} 11. Bxe4 {[%emt 0:00:00]} Bxe4 {[%emt 0:00:01]} 12. Qxe4 {[%emt 0:00:01]} Nf6 {[%emt 0:00:00]} 13. Qh4 {[%emt 0:00:01]} c5 {[%emt 0:00:00]} 14. O-O {[%emt 0:00:02]} cxd4 {[%emt 0:00:01]} 15. cxd4 {[%emt 0:00:00]} Nd5 {[%emt 0:00:01]} 16. Qg3 {[%emt 0:00:02]} Qd6 {[%emt 0:00:02]} 17. Ne5 {[%emt 0:00:03]} Bf6 {[%emt 0:00:01]} 18. Bh6 {[%emt 0:00:02]} Rfd8 {[%emt 0:00:03]} 19. Rad1 {[%emt 0:00:01]} g6 {[%emt 0:00:03]} 20. Qf3 {[%emt 0:00:03]} Qe7 {[%emt 0:00:04]} 21. g4 {[%emt 0:00:02]} Rac8 {[%emt 0:00:03]} 22. g5 {[%emt 0:00:02]} Bg7 {[%emt 0:00:01]} 23. Ng4 {[%emt 0:00:02]} Rc2 {[%emt 0:00:06]} 24. Qh3 {[%emt 0:00:02]} Nf4 {[%emt 0:00:04]} 25. Qe3 {[%emt 0:00:04]} Nd5 {[%emt 0:00:03]} 26. Qf3 {[%emt 0:00:02]} Rf8 {[%emt 0:00:05]} 27. Bxg7 {[%emt 0:00:01]} Kxg7 {[%emt 0:00:00]} 28. Nh6 {[%emt 0:00:01]} f6 {[%emt 0:00:02]} 29. Qh3 {[%emt 0:00:02]} fxg5 {[%emt 0:00:02]} 30. Ng4 {[%emt 0:00:01]} Nf4 {[%emt 0:00:02]} 31. Qh6+ {[%emt 0:00:01]} Kg8 {[%emt 0:00:01]} 32. Rde1 {[%emt 0:00:03]} Qb7 {[%emt 0:00:01]} 33. f3 {[%emt 0:00:02]} Ne2+ {[%emt 0:00:02]} 34. Kf2 {[%emt 0:00:02]} Nxd4+ {[%emt 0:00:02]} 35. Kg3 {[%emt 0:00:01]} Nf5+ {[%emt 0:00:01]} 36. Kh3 {[%emt 0:00:02]} Nxh6 {[%emt 0:00:00]} 37. Nxh6+ {[%emt 0:00:00]} Kg7 {[%emt 0:00:00]} 38. Ng4 {[%emt 0:00:00]} Rxf3+ {[%emt 0:00:01]} 39. Rxf3 {[%emt 0:00:04]} Qxf3# {[%emt 0:00:01] (Lag: Av=0.55s, max=1.0s)} 0-1

[Event "Stay Safe Play From Home 152"]
[Site "T#646138Emanuel Laske"]
[Date "2020.05.17"]
[Round "4"]
[White "Don59as"]
[Black "SoulofWolf"]
[Result "0-1"]
[WhiteElo "2006"]
[BlackElo "2146"]
[Annotator "NA"]
[PlyCount "104"]
[EventDate "2020.05.17"]
[EventType "swiss (blitz)"]

1. c4 {[%emt 0:00:01]} e6 {[%emt 0:00:00]} 2. Nc3 {[%emt 0:00:01]} d5 {[%emt 0:00:00]} 3. e3 {[%emt 0:00:01]} Nf6 {[%emt 0:00:00]} 4. b3 {[%emt 0:00:00]} c5 {[%emt 0:00:00]} 5. cxd5 {[%emt 0:00:01]} exd5 {[%emt 0:00:00]} 6. d4 {[%emt 0:00:01]} Nc6 {[%emt 0:00:00]} 7. dxc5 {[%emt 0:00:01]} Bxc5 {[%emt 0:00:00]} 8. Bd3 {[%emt 0:00:02]} Bb4 {[%emt 0:00:02]} 9. Nge2 {[%emt 0:00:01]} Be6 {[%emt 0:00:00]} 10. O-O {[%emt 0:00:01]} Qa5 {[%emt 0:00:01]} 11. Bb2 {[%emt 0:00:01]} O-O {[%emt 0:00:01]} 12. a3 {[%emt 0:00:01]} Be7 {[%emt 0:00:02]} 13. b4 {[%emt 0:00:01]} Qc7 {[%emt 0:00:01]} 14. Nf4 {[%emt 0:00:01]} Rad8 {[%emt 0:00:05]} 15. Nb5 {[%emt 0:00:02]} Qb8 {[%emt 0:00:02]} 16. Nxe6 {[%emt 0:00:01]} fxe6 {[%emt 0:00:00]} 17. Nd4 {[%emt 0:00:02]} Qd6 {[%emt 0:00:02]} 18. Nb5 {[%emt 0:00:02]} Qb8 {[%emt 0:00:01]} 19. f3 {[%emt 0:00:01]} Rfe8 {[%emt 0:00:01]} 20. Nd4 {[%emt 0:00:01]} Qd6 {[%emt 0:00:02]} 21. Qb3 {[%emt 0:00:01]} a6 {[%emt 0:00:03]} 22. Rad1 {[%emt 0:00:01]} Ne5 {[%emt 0:00:01]} 23. Bc2 {[%emt 0:00:02]} Nf7 {[%emt 0:00:01]} 24. Rfe1 {[%emt 0:00:01]} Qd7 {[%emt 0:00:01]} 25. Qd3 {[%emt 0:00:01]} Ne5 {[%emt 0:00:04]} 26. Qe2 {[%emt 0:00:02]} Rc8 {[%emt 0:00:01]} 27. h3 {[%emt 0:00:03]} Rc7 {[%emt 0:00:02]} 28. Bb3 {[%emt 0:00:02]} Rec8 {[%emt 0:00:01]} 29. f4 {[%emt 0:00:02]} Nf7 {[%emt 0:00:02]} 30. Nf3 {[%emt 0:00:02]} Qd8 {[%emt 0:00:03]} 31. Ne5 {[%emt 0:00:01]} Bd6 {[%emt 0:00:02]} 32. Nxf7 {[%emt 0:00:01]} Kxf7 {[%emt 0:00:00]} 33. Bxf6 {[%emt 0:00:03]} Qxf6 {[%emt 0:00:00]} 34. g3 {[%emt 0:00:01]} Rc3 {[%emt 0:00:02]} 35. Rd3 {[%emt 0:00:02]} R8c7 {[%emt 0:00:01]} 36. Red1 {[%emt 0:00:01]} Rxd3 {[%emt 0:00:01]} 37. Rxd3 {[%emt 0:00:01]} Rc3 {[%emt 0:00:01]} 38. Kg2 {[%emt 0:00:01]} Rc1 {[%emt 0:00:00]} 39. e4 {[%emt 0:00:02]} Rc6 {[%emt 0:00:01]} 40. e5 {[%emt 0:00:01]} Qe7 {[%emt 0:00:01]} 41. exd6 {[%emt 0:00:01]} Qxd6 {[%emt 0:00:00]} 42. f5 {[%emt 0:00:01]} exf5 {[%emt 0:00:02]} 43. Rxd5 {[%emt 0:00:01]} Kg6 {[%emt 0:00:00]} 44. Rxd6+ {[%emt 0:00:01]} Rxd6 {[%emt 0:00:01]} 45. Qe5 {[%emt 0:00:00]} Re6 {[%emt 0:00:00]} 46. Kf3 {[%emt 0:00:00]} Rxe5 {[%emt 0:00:01]} 47. Kf4 {[%emt 0:00:00]} Re1 {[%emt 0:00:01]} 48. Bd5 {[%emt 0:00:01]} Kf6 {[%emt 0:00:01]} 49. Bxb7 {[%emt 0:00:01]} Rf1+ {[%emt 0:00:01]} 50. Ke3 {[%emt 0:00:01]} Re1+ {[%emt 0:00:01]} 51. Kd4 {[%emt 0:00:00]} Re6 {[%emt 0:00:01]} 52. Kc5 {[%emt 0:00:00]} Re5+ {[%emt 0:00:01] Time (Lag: Av=0.40s, max=0.9s)} 0-1

[Event "Stay Safe Play From Home 152"]
[Site "T#646138Emanuel Laske"]
[Date "2020.05.17"]
[Round "4"]
[White "Nagaram"]
[Black "Edmatuag"]
[Result "0-1"]
[WhiteElo "1696"]
[BlackElo "1635"]
[Annotator "NA"]
[PlyCount "72"]
[EventDate "2020.05.17"]
[EventType "swiss (blitz)"]

1. e4 {[%emt 0:00:01]} c5 {[%emt 0:00:00]} 2. Nf3 {[%emt 0:00:01]} f6 {[%emt 0:00:00]} 3. d4 {[%emt 0:00:00]} cxd4 {[%emt 0:00:02]} 4. Nxd4 {[%emt 0:00:00]} Nc6 {[%emt 0:00:01]} 5. Nxc6 {[%emt 0:00:01]} bxc6 {[%emt 0:00:01]} 6. Nc3 {[%emt 0:00:00]} e5 {[%emt 0:00:01]} 7. Be3 {[%emt 0:00:02]} Bb7 {[%emt 0:00:02]} 8. Bc4 {[%emt 0:00:01]} Bb4 {[%emt 0:00:01]} 9. Bd2 {[%emt 0:00:02]} d5 {[%emt 0:00:03]} 10. exd5 {[%emt 0:00:01]} cxd5 {[%emt 0:00:00]} 11. Bb3 {[%emt 0:00:02]} Ne7 {[%emt 0:00:03]} 12. a3 {[%emt 0:00:02]} Bxc3 {[%emt 0:00:02]} 13. Bxc3 {[%emt 0:00:00]} O-O {[%emt 0:00:01]} 14. O-O {[%emt 0:00:02]} Kh8 {[%emt 0:00:02]} 15. f4 {[%emt 0:00:02]} d4 {[%emt 0:00:02]} 16. Bd2 {[%emt 0:00:02]} Nd5 {[%emt 0:00:05]} 17. Bxd5 {[%emt 0:00:01]} Qxd5 {[%emt 0:00:02]} 18. Qf3 {[%emt 0:00:01]} e4 {[%emt 0:00:02]} 19. Qg3 {[%emt 0:00:03]} e3 {[%emt 0:00:01]} 20. Be1 {[%emt 0:00:01]} f5 {[%emt 0:00:02]} 21. c3 {[%emt 0:00:01]} Rf6 {[%emt 0:00:02]} 22. Rd1 {[%emt 0:00:01]} Rg6 {[%emt 0:00:01]} 23. Qf3 {[%emt 0:00:01]} Qxf3 {[%emt 0:00:02]} 24. Rxf3 {[%emt 0:00:00]} Bxf3 {[%emt 0:00:01]} 25. cxd4 {[%emt 0:00:00]} Bxd1 {[%emt 0:00:01]} 26. Kh1 {[%emt 0:00:01]} e2 {[%emt 0:00:01]} 27. Kg1 {[%emt 0:00:02]} Rc8 {[%emt 0:00:01]} 28. Kf2 {[%emt 0:00:01]} Rc1 {[%emt 0:00:01]} 29. h3 {[%emt 0:00:01]} Bb3 {[%emt 0:00:02]} 30. Kxe2 {[%emt 0:00:01]} Rxg2+ {[%emt 0:00:01]} 31. Bf2 {[%emt 0:00:01]} Rc2+ {[%emt 0:00:02]} 32. Kf3 {[%emt 0:00:00]} Rcxf2+ {[%emt 0:00:00]} 33. Ke3 {[%emt 0:00:00]} Re2+ {[%emt 0:00:02]} 34. Kd3 {[%emt 0:00:01]} Bd5 {[%emt 0:00:00]} 35. b4 {[%emt 0:00:01]} Ra2 {[%emt 0:00:01]} 36. Kc3 {[%emt 0:00:02]} Rg3# {[%emt 0:00:01] (Lag: Av=0.61s, max=0.8s)} 0-1

[Event "Stay Safe Play From Home 152"]
[Site "T#646138Emanuel Laske"]
[Date "2020.05.17"]
[Round "5"]
[White "Mepe_Nika"]
[Black "Fischer_11"]
[Result "1-0"]
[WhiteElo "2327"]
[BlackElo "2043"]
[Annotator "NA"]
[PlyCount "109"]
[EventDate "2020.05.17"]
[EventType "swiss (blitz)"]

1. c4 {[%emt 0:00:01]} Nf6 {[%emt 0:00:04]} 2. Nc3 {[%emt 0:00:01]} e6 {[%emt 0:00:00]} 3. g3 {[%emt 0:00:01]} d5 {[%emt 0:00:00]} 4. Bg2 {[%emt 0:00:02]} c6 {[%emt 0:00:01]} 5. cxd5 {[%emt 0:00:01]} exd5 {[%emt 0:00:01]} 6. Nf3 {[%emt 0:00:00]} Be7 {[%emt 0:00:01]} 7. O-O {[%emt 0:00:00]} O-O {[%emt 0:00:00]} 8. d3 {[%emt 0:00:00]} Nbd7 {[%emt 0:00:00]} 9. e4 {[%emt 0:00:01]} Bd6 {[%emt 0:00:00]} 10. Re1 {[%emt 0:00:01]} dxe4 {[%emt 0:00:01]} 11. dxe4 {[%emt 0:00:00]} Be5 {[%emt 0:00:03]} 12. Nxe5 {[%emt 0:00:01]} Nxe5 {[%emt 0:00:00]} 13. Bg5 {[%emt 0:00:01]} Qxd1 {[%emt 0:00:03]} 14. Raxd1 {[%emt 0:00:00]} Be6 {[%emt 0:00:03]} 15. f4 {[%emt 0:00:02]} Neg4 {[%emt 0:00:06]} 16. h3 {[%emt 0:00:02]} Nh6 {[%emt 0:00:01]} 17. f5 {[%emt 0:00:02]} Bc4 {[%emt 0:00:03]} 18. b3 {[%emt 0:00:01]} Ba6 {[%emt 0:00:02]} 19. e5 {[%emt 0:00:00]} Nd5 {[%emt 0:00:04]} 20. Nxd5 {[%emt 0:00:01]} cxd5 {[%emt 0:00:00]} 21. Bxh6 {[%emt 0:00:00]} gxh6 {[%emt 0:00:01]} 22. Rxd5 {[%emt 0:00:00]} Rfc8 {[%emt 0:00:03]} 23. Rd7 {[%emt 0:00:02]} Rd8 {[%emt 0:00:02]} 24. e6 {[%emt 0:00:01]} Rxd7 {[%emt 0:00:01]} 25. exd7 {[%emt 0:00:01]} Kf8 {[%emt 0:00:01]} 26. f6 {[%emt 0:00:01]} Rd8 {[%emt 0:00:01]} 27. Re7 {[%emt 0:00:01]} Bb5 {[%emt 0:00:01]} 28. Bxb7 {[%emt 0:00:01]} Rxd7 {[%emt 0:00:01]} 29. Rxd7 {[%emt 0:00:01]} Bxd7 {[%emt 0:00:00]} 30. Kg2 {[%emt 0:00:02]} Be6 {[%emt 0:00:01]} 31. Be4 {[%emt 0:00:01]} Ke8 {[%emt 0:00:00]} 32. Bxh7 {[%emt 0:00:01]} Kd7 {[%emt 0:00:01]} 33. g4 {[%emt 0:00:01]} Kd6 {[%emt 0:00:00]} 34. Kf3 {[%emt 0:00:01]} Ke5 {[%emt 0:00:00]} 35. Bc2 {[%emt 0:00:03]} Kxf6 {[%emt 0:00:00]} 36. a3 {[%emt 0:00:02]} Kg5 {[%emt 0:00:01]} 37. b4 {[%emt 0:00:01]} Kh4 {[%emt 0:00:00]} 38. Kg2 {[%emt 0:00:03]} Bd5+ {[%emt 0:00:01]} 39. Kh2 {[%emt 0:00:01]} Kg5 {[%emt 0:00:02]} 40. Kg3 {[%emt 0:00:01]} h5 {[%emt 0:00:00]} 41. h4+ {[%emt 0:00:01]} Kh6 {[%emt 0:00:01]} 42. g5+ {[%emt 0:00:00]} Kg7 {[%emt 0:00:01]} 43. Kf4 {[%emt 0:00:00]} f6 {[%emt 0:00:00]} 44. Be4 {[%emt 0:00:01]} Bb3 {[%emt 0:00:02]} 45. Bf3 {[%emt 0:00:02]} fxg5+ {[%emt 0:00:01]} 46. Kxg5 {[%emt 0:00:00]} Bf7 {[%emt 0:00:02]} 47. Bxh5 {[%emt 0:00:00]} Be6 {[%emt 0:00:00]} 48. Bg4 {[%emt 0:00:01]} Bd5 {[%emt 0:00:00]} 49. h5 {[%emt 0:00:00]} Bc6 {[%emt 0:00:00]} 50. h6+ {[%emt 0:00:00]} Kh8 {[%emt 0:00:01]} 51. Bf5 {[%emt 0:00:00]} Bb5 {[%emt 0:00:00]} 52. Kf6 {[%emt 0:00:01]} Bc4 {[%emt 0:00:00]} 53. a4 {[%emt 0:00:01]} Bb5 {[%emt 0:00:00]} 54. axb5 {[%emt 0:00:01]} a6 {[%emt 0:00:01]} 55. bxa6 {[%emt 0:00:01] Zeit (Lag: Av=0.39s, max=0.7s)} 1-0

[Event "Stay Safe Play From Home 152"]
[Site "T#646138Emanuel Laske"]
[Date "2020.05.17"]
[Round "5"]
[White "SoulofWolf"]
[Black "XShot"]
[Result "1/2-1/2"]
[WhiteElo "2156"]
[BlackElo "2476"]
[Annotator "TA"]
[PlyCount "112"]
[EventDate "2020.05.17"]
[EventType "swiss (blitz)"]

{[%evp 9,112,27,60,56,68,67,81,45,51,44,60,51,58,39,58,40,53,29,33,18,23,8,13,13,25,10,20,2,6,3,29,14,18,-7,0,0,0,0,10,0,14,8,25,24,31,22,78,54,69,60,61,0,12,8,10,0,37,-52,-47,-61,0,-3,0,0,0,0,0,-158,0,-38,-39,-69,0,0,30,-18,-26,-76,8,11,0,12,18,17,22,-27,-11,-258,0,0,0,-102,-97,-95,-76,-29994,0,-29995,0,0,0,-29995,0,0,0]} 1. c4 c6 2. Nf3 d6 3. e3 Nf6 4. d4 Bg4 5. Be2 Bxf3 6. Bxf3 {[#] A11: English Opening: 1...c6.} Nbd7 $146 ({Predecessor:} 6... e5 7. dxe5 dxe5 8. O-O Qxd1 9. Rxd1 Nbd7 10. Bd2 a5 11. Nc3 Nc5 12. e4 O-O-O {0-1 (35) Puls,H (1486)-Hanke,L (1849) Ludwigshafen 2002}) 7. O-O e6 8. b3 {White is better.} d5 9. Bb2 Be7 10. Nd2 O-O 11. Rc1 Re8 12. Qc2 a5 13. a4 Nb8 14. h3 Na6 15. Bc3 Nb4 16. Qb1 Rc8 17. Rfd1 Bf8 18. Nf1 g6 19. Ng3 Bg7 20. Ba1 Qc7 21. Nf1 Rcd8 22. Nd2 Qb6 23. Be2 Nd7 24. Nf3 Qa7 25. Bc3 Bf8 26. Qb2 Qb6 27. Qd2 Nb8 (27... Ra8 $11 {remains equal.}) 28. Re1 N8a6 29. Ne5 Bg7 {Threatening ...Bxe5.} 30. Nf3 ({White should try} 30. c5 $14 Qa7 31. Nf3) 30... c5 31. Bf1 dxc4 32. Bxc4 Nc6 {[%cal Rc5d4]} 33. Qb2 (33. Bb5 $14) 33... cxd4 $15 34. exd4 Ncb4 (34... Nxd4 $15 35. Ne5 Nb4) 35. Rcd1 Nd5 36. Bd2 Nab4 37. Bg5 Rd7 38. Qe2 $2 (38. Bb5 $11 Nc6 39. Ne5) 38... Rc8 $2 (38... Nc3 $17 39. Qd2 Nxd1 40. Rxd1 Rc8) 39. Bd2 Nc6 40. Bb5 Rcd8 (40... Rdd8 $15) 41. Rc1 Bf6 42. Bh6 (42. Bxc6 $5 bxc6 43. Ne5 $11) 42... Nde7 43. Bd2 Nxd4 (43... Nf5 $17 44. Qf1 Nfxd4 45. Nxd4 Bxd4) 44. Nxd4 $11 Rxd4 45. Be3 Kg7 46. Bxd4 Bxd4 47. Rcd1 Nd5 {aiming for ...Nc3.} 48. Qd3 $2 (48. Qf1 $11 {and White has nothing to worry.}) 48... Nf6 $2 ({Black should play} 48... Bxf2+ $19 49. Kh1 Bxe1 50. Rxe1 Qf2) 49. Kh1 e5 50. f4 (50. Rd2 $11 {keeps the balance.}) 50... Nh5 $17 51. fxe5 Bxe5 52. Qxd8 $4 {[%mdl 8192] [#]} (52. Rxe5 $17 Rxd3 53. Rxd3) 52... Ng3+ 53. Kh2 Nf1+ {[%mdl 64] Discovered Attack (Double check)} 54. Kh1 Ng3+ 55. Kh2 Nf1+ $2 (55... Ne4+ $1 {mates} 56. Kh1 Nf2+ {[%mdl 64] Double Attack} 57. Kg1 Nxh3+ {[%mdl 64] Discovered Attack (Double check)} 58. Kh1 {[#]} Qg1+ $1 {[%mdl 512]} 59. Rxg1 Nf2#) 56. Kh1 $11 Ng3+ {Accuracy: White = 65%, Black = 78%.} 1/2-1/2

[Event "Stay Safe Play From Home 152"]
[Site "T#646138Emanuel Laske"]
[Date "2020.05.17"]
[Round "5"]
[White "Sfantul321"]
[Black "Haxhi Baha"]
[Result "1-0"]
[WhiteElo "2055"]
[BlackElo "1915"]
[Annotator "NA"]
[PlyCount "63"]
[EventDate "2020.05.17"]
[EventType "swiss (blitz)"]

1. c4 {[%emt 0:00:01]} e6 {[%emt 0:00:01]} 2. Nc3 {[%emt 0:00:00]} d5 {[%emt 0:00:00]} 3. cxd5 {[%emt 0:00:01]} exd5 {[%emt 0:00:01]} 4. d4 {[%emt 0:00:00]} c6 {[%emt 0:00:00]} 5. Nf3 {[%emt 0:00:00]} Nf6 {[%emt 0:00:00]} 6. Bg5 {[%emt 0:00:01]} Bd6 {[%emt 0:00:01]} 7. e3 {[%emt 0:00:01]} Bf5 {[%emt 0:00:01]} 8. h3 {[%emt 0:00:01]} Nbd7 {[%emt 0:00:01]} 9. Bd3 {[%emt 0:00:01]} Bxd3 {[%emt 0:00:01]} 10. Qxd3 {[%emt 0:00:01]} h6 {[%emt 0:00:00]} 11. Bxf6 {[%emt 0:00:01]} Qxf6 {[%emt 0:00:01]} 12. O-O {[%emt 0:00:00]} O-O {[%emt 0:00:01]} 13. e4 {[%emt 0:00:01]} dxe4 {[%emt 0:00:02]} 14. Nxe4 {[%emt 0:00:01]} Qe7 {[%emt 0:00:04]} 15. Rfe1 {[%emt 0:00:01]} Bc7 {[%emt 0:00:01]} 16. Nc5 {[%emt 0:00:03]} Qd6 {[%emt 0:00:03]} 17. Nxb7 {[%emt 0:00:01]} Qd5 {[%emt 0:00:05]} 18. Rac1 {[%emt 0:00:03]} Rab8 {[%emt 0:00:01]} 19. Nc5 {[%emt 0:00:02]} Rxb2 {[%emt 0:00:02]} 20. a3 {[%emt 0:00:02]} Rd8 {[%emt 0:00:04]} 21. Na6 {[%emt 0:00:03]} Bd6 {[%emt 0:00:03]} 22. Qc3 {[%emt 0:00:06]} Rc8 {[%emt 0:00:05]} 23. Qxb2 {[%emt 0:00:02]} g5 {[%emt 0:00:06]} 24. Nb4 {[%emt 0:00:02]} Qf5 {[%emt 0:00:02]} 25. Nxc6 {[%emt 0:00:02]} g4 {[%emt 0:00:03]} 26. Ne7+ {[%emt 0:00:02]} Bxe7 {[%emt 0:00:01]} 27. Rxc8+ {[%emt 0:00:01]} Kg7 {[%emt 0:00:01]} 28. Qb1 {[%emt 0:00:02]} Qf4 {[%emt 0:00:02]} 29. hxg4 {[%emt 0:00:03]} Bf6 {[%emt 0:00:01]} 30. Ne5 {[%emt 0:00:01]} Nxe5 {[%emt 0:00:01]} 31. dxe5 {[%emt 0:00:01]} Bxe5 {[%emt 0:00:00]} 32. g3 {[%emt 0:00:00] Time (Lag: Av=0.68s, max=1.5s)} 1-0

[Event "Stay Safe Play From Home 152"]
[Site "T#646138Emanuel Laske"]
[Date "2020.05.17"]
[Round "5"]
[White "Don59as"]
[Black "Weltszmerc"]
[Result "1-0"]
[WhiteElo "1996"]
[BlackElo "2093"]
[Annotator "NA"]
[PlyCount "115"]
[EventDate "2020.05.17"]
[EventType "swiss (blitz)"]

1. c4 {[%emt 0:00:01]} Nf6 {[%emt 0:00:00]} 2. Nc3 {[%emt 0:00:01]} b6 {[%emt 0:00:00]} 3. e4 {[%emt 0:00:01]} e5 {[%emt 0:00:00]} 4. g3 {[%emt 0:00:01]} Bb7 {[%emt 0:00:01]} 5. Bg2 {[%emt 0:00:00]} Bb4 {[%emt 0:00:01]} 6. Nge2 {[%emt 0:00:01]} O-O {[%emt 0:00:02]} 7. O-O {[%emt 0:00:01]} Nc6 {[%emt 0:00:01]} 8. d3 {[%emt 0:00:01]} Nd4 {[%emt 0:00:01]} 9. Nxd4 {[%emt 0:00:01]} exd4 {[%emt 0:00:01]} 10. Ne2 {[%emt 0:00:01]} c5 {[%emt 0:00:04]} 11. a3 {[%emt 0:00:02]} Ba5 {[%emt 0:00:01]} 12. Rb1 {[%emt 0:00:01]} b5 {[%emt 0:00:01]} 13. b4 {[%emt 0:00:02]} Bb6 {[%emt 0:00:02]} 14. bxc5 {[%emt 0:00:03]} Bxc5 {[%emt 0:00:01]} 15. Rxb5 {[%emt 0:00:01]} Qc8 {[%emt 0:00:03]} 16. Nf4 {[%emt 0:00:05]} a6 {[%emt 0:00:04]} 17. Rb1 {[%emt 0:00:01]} Bc6 {[%emt 0:00:03]} 18. e5 {[%emt 0:00:02]} Bxg2 {[%emt 0:00:03]} 19. Kxg2 {[%emt 0:00:01]} Ne8 {[%emt 0:00:01]} 20. Nd5 {[%emt 0:00:02]} Nc7 {[%emt 0:00:01]} 21. Ne7+ {[%emt 0:00:01]} Bxe7 {[%emt 0:00:01]} 22. Qf3 {[%emt 0:00:02]} Ne6 {[%emt 0:00:01]} 23. Bd2 {[%emt 0:00:03]} Qc6 {[%emt 0:00:01]} 24. Bb4 {[%emt 0:00:02]} Qxf3+ {[%emt 0:00:03]} 25. Kxf3 {[%emt 0:00:01]} Nc5 {[%emt 0:00:03]} 26. Rfd1 {[%emt 0:00:03]} Rfb8 {[%emt 0:00:03]} 27. Bxc5 {[%emt 0:00:01]} Bxc5 {[%emt 0:00:01]} 28. a4 {[%emt 0:00:01]} Kf8 {[%emt 0:00:01]} 29. Ke4 {[%emt 0:00:01]} Ke7 {[%emt 0:00:02]} 30. Kd5 {[%emt 0:00:01]} Ba7 {[%emt 0:00:04]} 31. c5 {[%emt 0:00:01]} Rxb1 {[%emt 0:00:03]} 32. Rxb1 {[%emt 0:00:02]} Rc8 {[%emt 0:00:00]} 33. Rc1 {[%emt 0:00:01]} Rc6 {[%emt 0:00:01]} 34. Kxd4 {[%emt 0:00:01]} Ke6 {[%emt 0:00:00]} 35. f4 {[%emt 0:00:02]} f6 {[%emt 0:00:00]} 36. Rc4 {[%emt 0:00:02]} fxe5+ {[%emt 0:00:00]} 37. fxe5 {[%emt 0:00:00]} Bb8 {[%emt 0:00:01]} 38. Ke4 {[%emt 0:00:01]} Bxe5 {[%emt 0:00:00]} 39. d4 {[%emt 0:00:00]} Bxd4 {[%emt 0:00:02]} 40. Kxd4 {[%emt 0:00:01]} d5 {[%emt 0:00:00]} 41. cxd6 {[%emt 0:00:01]} Rxd6+ {[%emt 0:00:00]} 42. Ke4 {[%emt 0:00:01]} Kd7 {[%emt 0:00:00]} 43. Rd4 {[%emt 0:00:01]} Rxd4+ {[%emt 0:00:01]} 44. Kxd4 {[%emt 0:00:00]} Kd6 {[%emt 0:00:00]} 45. Kc4 {[%emt 0:00:00]} a5 {[%emt 0:00:00]} 46. Kb5 {[%emt 0:00:01]} Kd5 {[%emt 0:00:01]} 47. Kxa5 {[%emt 0:00:00]} Ke4 {[%emt 0:00:00]} 48. Kb6 {[%emt 0:00:00]} Kf3 {[%emt 0:00:00]} 49. a5 {[%emt 0:00:00]} Kg2 {[%emt 0:00:00]} 50. a6 {[%emt 0:00:00]} Kxh2 {[%emt 0:00:00]} 51. a7 {[%emt 0:00:00]} Kxg3 {[%emt 0:00:00]} 52. a8=Q {[%emt 0:00:00]} h5 {[%emt 0:00:00]} 53. Qg8 {[%emt 0:00:00]} Kh4 {[%emt 0:00:00]} 54. Qxg7 {[%emt 0:00:00]} Kh3 {[%emt 0:00:00]} 55. Qh6 {[%emt 0:00:00]} h4 {[%emt 0:00:00]} 56. Qg5 {[%emt 0:00:00]} Kh2 {[%emt 0:00:01]} 57. Kc5 {[%emt 0:00:00]} h3 {[%emt 0:00:01]} 58. Kd4 {[%emt 0:00:00] (Lag: Av=0.79s, max=1.2s)} 1-0

[Event "Stay Safe Play From Home 152"]
[Site "T#646138Emanuel Laske"]
[Date "2020.05.17"]
[Round "5"]
[White "MartinKestler"]
[Black "Indianquant"]
[Result "0-1"]
[WhiteElo "1951"]
[BlackElo "2249"]
[Annotator "RC"]
[PlyCount "126"]
[EventDate "2020.05.17"]
[EventType "swiss (blitz)"]

1. Nf3 {[%emt 0:00:02]} Nf6 {[%emt 0:00:01]} 2. b3 {[%emt 0:00:00]} b6 {[%emt 0:00:02]} 3. Bb2 {[%emt 0:00:00]} c5 {[%emt 0:00:00]} 4. e3 {[%emt 0:00:00]} Bb7 {[%emt 0:00:00]} 5. Be2 {[%emt 0:00:00]} g6 {[%emt 0:00:00]} 6. O-O {[%emt 0:00:00]} Bg7 {[%emt 0:00:00]} 7. d4 {[%emt 0:00:01]} O-O {[%emt 0:00:01]} 8. Nbd2 {[%emt 0:00:01]} Nc6 {[%emt 0:00:02]} 9. c4 {[%emt 0:00:01]} cxd4 {[%emt 0:00:01]} 10. Nxd4 {[%emt 0:00:01]} Nxd4 {[%emt 0:00:01]} 11. Bxd4 {[%emt 0:00:00]} d5 {[%emt 0:00:01]} 12. Bf3 {[%emt 0:00:01]} Qd7 {[%emt 0:00:04]} 13. Rc1 {[%emt 0:00:02]} Rfd8 {[%emt 0:00:01]} 14. Qe2 {[%emt 0:00:02]} Rac8 {[%emt 0:00:01]} 15. Rfd1 {[%emt 0:00:01]} dxc4 {[%emt 0:00:01]} 16. Nxc4 {[%emt 0:00:01]} Bxf3 {[%emt 0:00:00]} 17. Qxf3 {[%emt 0:00:00]} Qc7 {[%emt 0:00:02]} 18. g3 {[%emt 0:00:01]} h5 {[%emt 0:00:02]} 19. Bxf6 {[%emt 0:00:01]} Bxf6 {[%emt 0:00:01]} 20. Rxd8+ {[%emt 0:00:01]} Rxd8 {[%emt 0:00:01]} 21. Rd1 {[%emt 0:00:00]} Kg7 {[%emt 0:00:02]} 22. Qe2 {[%emt 0:00:04]} Rc8 {[%emt 0:00:02]} 23. h4 {[%emt 0:00:03]} b5 {[%emt 0:00:01]} 24. Nd2 {[%emt 0:00:04]} Qc2 {[%emt 0:00:02]} 25. a4 {[%emt 0:00:01]} bxa4 {[%emt 0:00:01]} 26. bxa4 {[%emt 0:00:00]} Rd8 {[%emt 0:00:01]} 27. Qe1 {[%emt 0:00:11]} Bc3 {[%emt 0:00:02]} 28. Rc1 {[%emt 0:00:01]} Qxd2 {[%emt 0:00:01]} 29. Qxd2 {[%emt 0:00:00]} Bxd2 {[%emt 0:00:02]} 30. Rc7 {[%emt 0:00:00]} a5 {[%emt 0:00:02]} 31. Rxe7 {[%emt 0:00:01]} Kf6 {[%emt 0:00:01]} 32. Ra7 {[%emt 0:00:02]} Bb4 {[%emt 0:00:01]} 33. Kg2 {[%emt 0:00:00]} Rd2 {[%emt 0:00:01]} 34. Rb7 {[%emt 0:00:00]} Ra2 {[%emt 0:00:01]} 35. Rb6+ {[%emt 0:00:01]} Kg7 {[%emt 0:00:01]} 36. Rb5 {[%emt 0:00:00]} Rxa4 {[%emt 0:00:01]} 37. g4 {[%emt 0:00:00]} hxg4 {[%emt 0:00:01]} 38. h5 {[%emt 0:00:01]} Be1 {[%emt 0:00:02]} 39. hxg6 {[%emt 0:00:01]} Kxg6 {[%emt 0:00:00]} 40. Kf1 {[%emt 0:00:01]} Bc3 {[%emt 0:00:01]} 41. Rb6+ {[%emt 0:00:01]} f6 {[%emt 0:00:01]} 42. Rb7 {[%emt 0:00:00]} Be5 {[%emt 0:00:01]} 43. Kg2 {[%emt 0:00:00]} Rb4 {[%emt 0:00:01]} 44. Ra7 {[%emt 0:00:00]} a4 {[%emt 0:00:01]} 45. Ra8 {[%emt 0:00:00]} Rc4 {[%emt 0:00:01]} 46. Ra6 {[%emt 0:00:00]} Kf5 {[%emt 0:00:00]} 47. Ra5 {[%emt 0:00:01]} Ke4 {[%emt 0:00:01]} 48. Ra6 {[%emt 0:00:00]} Kd3 {[%emt 0:00:01]} 49. Kf1 {[%emt 0:00:01]} Kc2 {[%emt 0:00:00]} 50. Kg2 {[%emt 0:00:00]} Kb3 {[%emt 0:00:01]} 51. Rb6+ {[%emt 0:00:00]} Rb4 {[%emt 0:00:00]} 52. Ra6 {[%emt 0:00:00]} a3 {[%emt 0:00:00]} 53. Re6 {[%emt 0:00:00]} a2 {[%emt 0:00:00]} 54. Re8 {[%emt 0:00:00]} Kb2 {[%emt 0:00:01]} 55. Rxe5 {[%emt 0:00:00]} a1=Q {[%emt 0:00:00]} 56. Re6 {[%emt 0:00:01]} Kb3 {[%emt 0:00:01]} 57. Rc6 {[%emt 0:00:00]} Qe5 {[%emt 0:00:01]} 58. Re6 {[%emt 0:00:01]} Qxe6 {[%emt 0:00:01]} 59. e4 {[%emt 0:00:00]} Qxe4+ {[%emt 0:00:00]} 60. f3 {[%emt 0:00:00]} Qxf3+ {[%emt 0:00:00]} 61. Kg1 {[%emt 0:00:00]} Re4 {[%emt 0:00:00]} 62. Kh2 {[%emt 0:00:01]} Re2+ {[%emt 0:00:00]} 63. Kg1 {[%emt 0:00:00]} Qg2# {[%emt 0:00:00] (Lag: Av=0.61s, max=1.1s)} 0-1